Gimnàstica artística : de l'admiració al desconeixement / Mireia Tapiador de l'admiració al desconeixement / Mireia Tapiador
ISBN:
84-7794-979-4
Descripción Física:
91 p. : il. ; 24 cm
Materias:
Gimnàstica artística
MARC
| LEADER | 00000nam a2200000Ia 4500 | ||
|---|---|---|---|
| 001 | 16800 | ||
| 008 | 160829s2004 xx 000 0 cat d | ||
| 020 | |a 84-7794-979-4 | ||
| 080 | |a P-1-53 | ||
| 100 | 1 | |a Tapiador, Mireia, |d 1978-2005 |9 25477 | |
| 245 | |a Gimnàstica artística : |b de l'admiració al desconeixement / Mireia Tapiador | ||
| 260 | |a [Barcelona] : |b Diputació de Barcelona, Xarxa de Municipis, Àrea d'Esports, |c 2004 | ||
| 300 | |a 91 p. : |b il. ; |c 24 cm | ||
| 590 | |a Premi Literari Humanisme i Esport 2002 | ||
| 650 | |a Gimnàstica artística |9 25478 | ||
| 710 | |a Barcelona (Catalunya : Província). |b Àrea d'Esports |9 53827 | ||
| 901 | |a Arxiu | ||
| 942 | |n 1 | ||
| 952 | |0 0 |1 0 |4 0 |6 P153 |7 1 |9 43635 |a Arxiu |b Arxiu |d 2016-12-01 |l 0 |o P-1-53 |p 16800 |r 2016-12-01 00:00:00 |w 2016-12-01 |y ARXIU | ||
| 999 | |c 46183 |d 46183 | ||